South Eastern Kenya University

Library Online Public Access Catalogue


Sinus survival : (Record no. 4125)

MARC details
000 -LEADER
fixed length control field 00772cam a22002174a 4500
020 ## - ISBN
International Standard Book Number 1585420581
050 00 - LIBRARY OF CONGRESS CALL NUMBER
Classification Number RF425
Item Number .I84 2000
100 1# - MAIN ENTRY--Author
Personal name Ivker, Robert S.
245 10 - TITLE
Title Sinus survival :
Remainder of title the holistic medical treatment for sinusitis, allergies, and colds /
Statement of responsibility, etc Robert S. Ivker.
250 ## - EDITIONSTATEMENT
Edition statement 4th ed., rev. and updated.
260 ## - PUBLICATION, DISTRIBUTION, ETC.(IMPRINT)
Place of publication, distribution, etc New York :
Name of publisher, distributor, etc Jeremy P. Tarcher/Putnam,
Date of publication, distribution, etc 2000.
300 ## - PHYSICAL DESCRIPTION
Extent xii, 380 p. :
500 ## - GENERALNOTE
General note "Published simultaneously in Canada"--T.p. verso.
650 #0 - SUBJECT--TOPIC
Form subdivision Popular works.
650 #0 - SUBJECT--TOPIC
Form subdivision Popular works.
650 #0 - SUBJECT--TOPIC
Form subdivision Popular works.
650 #0 - SUBJECT--TOPIC
Form subdivision Popular works.
856 42 - URL/ELECTRONIC LOCATION AND ACCESS
Uniform Resource Identifier <a href="http://www.loc.gov/catdir/enhancements/fy1203/00039253-b.html">http://www.loc.gov/catdir/enhancements/fy1203/00039253-b.html</a>
856 42 - URL/ELECTRONIC LOCATION AND ACCESS
Uniform Resource Identifier <a href="http://www.loc.gov/catdir/enhancements/fy1203/00039253-d.html">http://www.loc.gov/catdir/enhancements/fy1203/00039253-d.html</a>
942 ## - ADDED ENTRY ELEMENTS(KOHA)
Source of classification or shelving scheme Library of Congress Classification
Koha item type General circulation
Holdings
Source of classification or shelving scheme Not for loan Location (home branch) Sublocation (holding branch) Shelving location Date accessioned Full call number Barcode Koha item type Public note
Library of Congress Classification   Main Campus Library Main Campus Library   24/06/2015 RF425 .I84 2000 2015/000469 General circulation amm
Kitui, Kenya.
+254736116989
library@seku.ac.ke